| 000 | 00429nam a22001697a 4500 | ||
|---|---|---|---|
| 003 | CEME | ||
| 005 | 20210628205030.0 | ||
| 008 | 210223b xxu||||| |||| 00| 0 eng d | ||
| 020 | _a0-03-003534-1 | ||
| 040 | _c. | ||
| 082 | _a621.3192 KAN'P | ||
| 100 |
_aKang, James S _973531 |
||
| 245 | _aPspice manual for electric circuits fundamentals,franco | ||
| 260 |
_aNEWYORK _bSAUNDERS _c1995 |
||
| 300 | _a270P | ||
| 942 |
_cBK _2ddc |
||
| 999 |
_c579237 _d579237 |
||